| 000 | 01101nam a22002657a 4500 | ||
|---|---|---|---|
| 001 | BD-DhSAU 8965 | ||
| 003 | BD-DhSAU | ||
| 005 | 20181223133019.0 | ||
| 008 | 150613b2007 bg a|||| m||| 00| 0 eng d | ||
| 040 | _aBD-DhSAU | ||
| 082 |
_222 _a635 _bIs43 |
||
| 100 |
_aIslam, Monirul _eRegistration # 26187/00481 |
||
| 245 |
_aInfluence of sowing date and spacing on growth and yield of sweet pepper / _bMS thesis _cMonirul Islam |
||
| 260 |
_aSher-e-Bangla Agricultural University : _bDepartment of Horticulture & Postharvest Technology, _c2007. |
||
| 300 |
_aix, 85 p. : _bill. ; _c30 cm. |
||
| 500 | _aMS thesis of Department of Horticulture, Faculty of Agriculture, Sher-e-Bangla Agricultural University, Dhaka, Bangladesh | ||
| 504 | _aIncludes bibliographical reference. | ||
| 590 | _aJerin | ||
| 650 | _aHorticulture & Postharvest Technology | ||
| 650 | _aweet pepper | ||
| 700 |
_aSaha, Satya Ranjan _eSuperviser |
||
| 700 |
_aAkand, Md. Hasanuzzaman _eCo-superviser |
||
| 856 |
_yOnline Access _uhttp://archive.saulibrary.edu.bd:8080/xmlui/handle/123456789/1128 |
||
| 942 |
_2ddc _cTHESIS |
||
| 999 |
_c8965 _d8965 |
||